| 000 | 00694nam a2200217 i 4500 | ||
|---|---|---|---|
| 001 | 143516 | ||
| 003 | ES-MaACL | ||
| 005 | 20250829063125.0 | ||
| 007 | t| | ||
| 008 | 070214s1951 sp r ||||1| spa d | ||
| 100 | 1 |
_aSertillanges, Antonin-Dalmace, _d1863-1948 _9105847 |
|
| 245 | 1 | 3 |
_aEl problema del mal : _b(historia) / _cA.D. Sertillanges ; versión española de Santiago Magariños. |
| 260 |
_aMadrid : _bEdiciones y Publicaciones Españolas, _c1951. |
||
| 300 |
_a553 p. ; _c22 cm. |
||
| 490 | 1 | _aPax romana | |
| 650 | 0 | 4 |
_aMal. _914740 |
| 700 | 1 |
_aMagariños, Santiago. _975453 |
|
| 830 | 1 |
_aPax romana _9182690 |
|
| 852 |
_aES-MaACL _jD-7734 |
||
| 999 |
_c143516 _d143516 |
||